000 00438nam a22001697a 4500
999 _c4160
_d4160
003 GBCCL
005 20241126110512.0
008 180116b xxu||||| |||| 00| 0 eng d
040 _cgbc
082 _aVER 232.9
_bKHA
100 _aKhamkam, G.
_97297
245 _aTangthu Hing:
_bBu Khatna /
_cG. Khamkam
260 _aLamka:
_bConvention Press,
_c1977
300 _a261 p.;
_c18 cm.
650 _aLife of Christ
_94928
942 _2ddc
_cBK
_01